000 00298nam a22001217a 4500
082 _a823
_bDIA/S
100 _aCAREY, DIANA
245 _aSTARTREEK - DEEP SPACE 9 DAY OF HONOUR ANCIENT BLOOD
260 _aNEWYORK
_bPOCKET BOOKS
_c1997
300 _a280
650 _aENGLISH STORY
_zINDIA
942 _cBK
999 _c7287
_d7287